| 000 | 00710nam a22002057a 4500 | ||
|---|---|---|---|
| 003 | 0 | ||
| 005 | 20241114163947.0 | ||
| 008 | 241114b xxu||||| |||| 00| 0 eng d | ||
| 020 | _a978-1-032-44987-6 | ||
| 050 |
_aLB 775 _b.Sm63 2024 |
||
| 100 | _aSmagorinsky, Peter | ||
| 245 |
_aL.S. Vygotsky and english in education and the language arts _cPeter Smagorinsky |
||
| 260 |
_aAbingdon, Oxon ; New York, NY _bRoutledge _c2024 |
||
| 300 |
_axxiv, 354 pages ; _c26cm. |
||
| 504 | _aIncludes bibliographical references and index. | ||
| 650 | _aEnglish language--Study and teaching--Research. | ||
| 650 | _aLanguage arts--Research. | ||
| 650 | _aEducational psychology--Research--History. | ||
| 942 |
_2lcc _cBK |
||
| 999 |
_c366728 _d366728 |
||